Khảo sát khả năng làm phân Compost từ một số thực vật ở vườn quốc gia Tràm Chim : Luận văn tốt nghiệp Cao học. Chuyên ngành Khoa học môi trường

Đề tài khảo sát để tìm ra loại phân compost có chất lượng tốt nhất từ 4 loại nguyên liệu ủ: tràm, năng ống, lúa ma, rơm; đánh giá chất lượng phân sau ủ thông qua trồng thử nghiệm rau muống.

সংরক্ষণ করুন:
গ্রন্থ-পঞ্জীর বিবরন
প্রধান লেখক: Lê, Thu Thủy
বিন্যাস: গ্রন্থ
ভাষা:Undetermined
প্রকাশিত: Cần Thơ Trường Đại học Cần Thơ 2015
বিষয়গুলি:
ট্যাগগুলো: ট্যাগ যুক্ত করুন
কোনো ট্যাগ নেই, প্রথমজন হিসাবে ট্যাগ করুন!
Thư viện lưu trữ: Trung tâm Học liệu Trường Đại học Cần Thơ
LEADER 01132nam a2200217Ia 4500
001 CTU_205986
008 210402s9999 xx 000 0 und d
082 |a 631.86 
082 |b Th523 
088 |a 60440301 
100 |a Lê, Thu Thủy 
245 0 |a Khảo sát khả năng làm phân Compost từ một số thực vật ở vườn quốc gia Tràm Chim : 
245 0 |b Luận văn tốt nghiệp Cao học. Chuyên ngành Khoa học môi trường 
245 0 |c Lê Thu Thủy ; Dương Văn Ni (Cán bộ hướng dẫn) 
260 |a Cần Thơ 
260 |b Trường Đại học Cần Thơ 
260 |c 2015 
520 |a Đề tài khảo sát để tìm ra loại phân compost có chất lượng tốt nhất từ 4 loại nguyên liệu ủ: tràm, năng ống, lúa ma, rơm; đánh giá chất lượng phân sau ủ thông qua trồng thử nghiệm rau muống. 
650 |a Organic fertilizers,Phân bón hữu cơ 
904 |i Hải 
980 |a Trung tâm Học liệu Trường Đại học Cần Thơ